| 000 | 00409nam a2200133Ia 4500 | ||
|---|---|---|---|
| 008 | 200910s9999 xx 000 0 und d | ||
| 020 | _a978-971-98-0641-7 | ||
| 100 | _aZarate, Cynthia A. | ||
| 245 |
_cCynthia A. Zarate _aFundamentals of psychology/ |
||
| 260 |
_aQuezon City: _bC and E Publishing, Inc. _c2017 |
||
| 300 |
_axii, 202 pages _c25 cm. |
||
| 650 | _aPhilippines | ||
| 650 | _aPsychology, industrial | ||
| 999 |
_c364182 _d364182 |
||